| 000 | 00793nam a22001337a 4500 | ||
|---|---|---|---|
| 040 | _cRUA | ||
| 082 | _aAVM LEN 2013 B108 Or.1 | ||
| 100 | _aLENG, HY. | ||
| 245 | _aEffect of using coconut waste in concentrate on growth quail animal experimental station at royal university of agriculture, ឥទ្ធិពលនៃការប្រើប្រាស់កាកដូងជាចំណីផ្សំទៅលើការលូតលាស់ក្រួចនៅស្ថានីយចិញ្ចឹមសត្វនៃសាកលវិទ្យាល័យភូមិន្ទកសិកម្ម | ||
| 260 |
_aPhnom Penh _bRUA _c2013 |
||
| 300 |
_aix; 39p. _bill. _c29cm. |
||
| 856 | _uhttps://drive.google.com/file/d/1d7Vo1anZb1hfinQzUlYmarU41uKIIb6t/view?usp=sharing | ||
| 942 | _cAVM | ||
| 999 |
_c2651 _d2651 |
||